000 00238nam a2200097Ia 4500
001 684779
005 20250826161504.0
008 250824s9999 xx 000 0 und d
245 0 _aAşk-ı A-la
_cŞems-i Tebrizi
260 _bDokuz Yayınları
999 _c684779
_d684779